000 00803nam a2200241 a 4500
001 BRCA_3288
005 20190320204215.0
008 170309s1998----mx-a---###---#000-0#spa-#
041 _aspa
044 _amx
050 4 _aND553.C43
_b.C66 1998
100 1 _aContreras Martret, Nuri Karina
_98712
245 1 0 _aMarc Chagall
_bla conquista del pasado.
260 _aCiudad de México
_c1998
300 _a113 p.
_bil. (algunas a color)
_c23 cm.
502 _aTesis Licenciatura (Licenciada en Historia del Arte) Centro de Arte Mexicano
600 1 4 _aChagall, Marc
_d1887-1985
_xInfluencia
_98713
600 1 4 _aChagall, Marc
_d1887-1985
_xCrítica e interpretación
_98714
650 1 4 _aSurrealismo
_xEn la pintura
_98715
650 1 4 _aPintores rusos
_ySiglo XX
_98716
902 _aTES
942 _2lcc
_cTES
999 _c3024
_d3024